000 00681 a2200181 4500
003 Nust
005 20170207153552.0
040 _cNust
082 _a005.8
100 _aAbid, Asma ( MSIS-6)
245 _aSecure routing and broadcast authentication in heterogeneous sensor network
_cAsma Abid,
260 _bMCS (NUST)
_cMarch 2011
_aRawalpindi
300 _aviii, 44, p.;
505 _aIntroduction (page-1) Literature review (page-4) Proposed routing scheme (page-11) Design and implementation architechture (page-23) Implementation performance and security analysis (page-34) Conclusion (page-42)
538 _a Almirah No.70 Shelf No.5
650 _aPG Thesis
651 _aMSIS-6
942 _cTHS
999 _c188917
_d188917